000 00576nam a2200205Ia 4500
008 210417s9999 xx 000 0 und d
020 _a9781451173291
020 _b1451173296
082 _a612.8 YOU
082 _b22.612.8 YOU
245 0 _aBasic clinical neuroscience
245 0 _cBasic clinical neuroscience
250 _a3rd ed.
250 _b"x, 443 p. : color ill. ; 26 cm. ; pbk."
260 _aPhiladelphia
260 _bWolters Kluwer
260 _c2015
700 _a"Young, Paul H"
700 _b"by Paul A. Young, Paul H. Young and Daniel L. Tolbert"
999 _c466857
_d466857